000 01110nam a22001937a 4500
999 _c62826
_d62826
003 Ge_BSU
005 20250305104336.0
008 250305s1960 ge ||||| |||| 00| 0 geo d
041 _ageo
080 _a616.64/69-002.5 მ-74
100 _aმიქელაძე, ა.
_924456
245 _aმამაკაცის სასქესო ორგანოების ინერვაცია და ტუბერკულოზი :
_bექსპერიმენტული და პათომორფოლოგიური გამოკვლევა /
_cა. იქელაძე.
264 _aთბილისი :
_b საბჭ. საქართველო,
_c1960.
300 _a209 გვ. :
_bილ. ;
_c21 სმ.
490 _aექიმის ბიბლიოთეკა
653 _aმამაკაცის სასქესო ორგანოების ინერვაცია
653 _aმამაკაცის სასქესო ორგანოების ტუბერკულოზი
942 _2udc
_cᲬᲘᲒᲜᲘ